A21_製造品等出荷額TOP100の市区町村 - Statistics

General Stats
  • This quiz has been taken 43 times
  • The average score is 85 of 100
Answer Stats
順位 都道府
県名
種類 製造品等
出荷額
(兆円)
市町村名 % Correct
1 愛知県 16.81 豊田市
100%
2 岡山県 5.83 倉敷市
100%
4 大阪府 4.81 堺市
100%
5 大阪府 4.50 大阪市
100%
6 神奈川県 4.30 横浜市
100%
7 神奈川県 4.13 川崎市
100%
8 大分県 3.86 大分市
100%
9 兵庫県 3.84 神戸市
100%
11 三重県 3.50 四日市市
100%
12 広島県 3.09 広島市
100%
14 兵庫県 2.88 姫路市
100%
16 福岡県 2.77 北九州市
100%
17 京都府 2.68 京都市
100%
35 愛知県 1.58 豊橋市
100%
36 千葉県 1.54 千葉市
100%
76 群馬県 1.01 高崎市
100%
10 愛知県 3.56 名古屋市
97%
13 愛知県 2.88 岡崎市
97%
19 静岡県 2.50 静岡市
97%
21 静岡県 2.22 浜松市
97%
37 兵庫県 1.54 尼崎市
97%
39 静岡県 1.51 富士市
97%
48 茨城県 1.32 日立市
97%
82 三重県 0.96 津市
97%
3 千葉県 5.72 市原市
95%
15 群馬県 2.86 太田市
95%
20 栃木県 2.25 宇都宮市
95%
25 愛知県 1.87 東海市
95%
31 愛知県 1.64 刈谷市
95%
38 富山県 1.52 富山市
95%
43 兵庫県 1.43 明石市
95%
51 大阪府 1.28 東大阪市
95%
22 広島県 2.18 福山市
92%
41 和歌山県 1.49 和歌山市
92%
54 新潟県 1.22 新潟市
92%
65 茨城県 1.13 ひたちなか市
92%
23 愛知県 2.11 田原市
89%
26 静岡県 1.79 磐田市
89%
28 神奈川県 1.78 藤沢市
89%
44 三重県 1.42 鈴鹿市
89%
45 静岡県 1.41 掛川市
89%
55 群馬県 1.21 伊勢崎市
89%
61 愛媛県 1.14 今治市
89%
64 岡山県 1.13 岡山市
89%
68 山口県 1.08 山陽小野田市
89%
70 茨城県 1.04 鹿嶋市
89%
80 広島県 0.98 呉市
89%
18 愛知県 2.61 安城市
86%
42 北海道 1.44 苫小牧市
86%
58 愛媛県 1.16 西条市
86%
73 福島県 1.04 いわき市
86%
92 愛知県 0.86 豊川市
86%
30 愛知県 1.65 西尾市
84%
32 山口県 1.62 周南市
84%
33 三重県 1.60 いなべ市
84%
49 愛媛県 1.30 新居浜市
84%
57 愛知県 1.17 半田市
84%
60 栃木県 1.15 小山市
84%
74 滋賀県 1.03 草津市
84%
78 愛知県 0.99 みよし市
84%
90 愛知県 0.88 春日井市
84%
94 埼玉県 0.85 川越市
84%
24 茨城県 1.99 神栖市
81%
34 静岡県 1.60 湖西市
81%
52 神奈川県 1.24 相模原市
81%
62 広島県 1.13 東広島市
81%
71 神奈川県 1.04 平塚市
81%
72 三重県 1.04 亀山市
81%
84 茨城県 0.95 土浦市
81%
86 埼玉県 0.93 さいたま市
81%
93 愛知県 0.86 碧南市
81%
29 愛知県 1.73 小牧市
78%
46 兵庫県 1.41 加古川市
78%
53 愛知県 1.23 知多市
78%
66 宮城県 1.12 仙台市
78%
81 千葉県 0.96 君津市
78%
97 大分県 0.83 中津市
78%
100 静岡県 0.79 富士宮市
78%
69 埼玉県 1.08 熊谷市
76%
83 栃木県 0.96 栃木市
76%
85 山口県 0.94 防府市
76%
50 愛知県 1.28 大府市
73%
67 滋賀県 1.09 甲賀市
73%
75 大阪府 1.01 枚方市
73%
77 兵庫県 1.00 高砂市
73%
40 千葉県 1.51 袖ケ浦市
70%
56 静岡県 1.20 牧之原市
70%
79 茨城県 0.98 古河市
70%
87 大阪府 0.93 八尾市
70%
91 三重県 0.87 伊賀市
70%
95 東京都 0.84 府中市
70%
99 山口県 0.81 光市
70%
96 岐阜県 0.83 各務原市
68%
98 長野県 0.82 塩尻市
68%
47 大阪府 1.39 池田市
65%
27 福岡県 1.79 苅田町
59%
59 埼玉県 1.16 狭山市
59%
88 愛知県 0.91 幸田町
54%
89 宮城県 0.88 大和町
51%
63 福岡県 1.13 宮若市
46%
No matching quizzes found
Score Distribution
Percent of People with Each Score
Percentile by Number Answered
Your Score History
You have not taken this quiz